Ante la reforma del ordenamiento contable (Registro nro. 9147)

Detalles MARC
000 -LEADER
fixed length control field 00328 a2200109 4500
001 - CONTROL NUMBER
control field ART_7674
005 - DATE AND TIME OF LATEST TRANSACTION
control field 20260410161555.0
008 - FIXED-LENGTH DATA ELEMENTS--GENERAL INFORMATION
fixed length control field 260409a
100 1# - MAIN ENTRY--PERSONAL NAME
Personal name Tua Pereda, Jorge
245 10 - TITLE STATEMENT
Title Ante la reforma del ordenamiento contable
773 0# - HOST ITEM ENTRY
Title Profesional & Empresaria
Related parts - Año IX, Nº 106 (jul. 2008)
Record control number REV70

No hay ítems disponibles.